LEADER 01195nam a2200289 u 4500 001 000000064607 003 CaOOAMICUS 005 20070226121356.0 008 011121s1999 it u000 u ita u 020 $a8830708879 035 $a10910825 040 $aPUL$bita 100 1 $aGrasso, Emilio.$0(OLS)http://pul/name/34261 245 13$aIl volto in ogni volto :$buomini e donne alla periferia del mondo /$cEmilio Grasso. 260 $aBologna :$bEditrice Missionaria,$cc1999. 300 $a188 p. ;$c22 cm 490 1 $aMissione e Chiesa locale 504 $aBibliografia in nota. 650 4$aEvangelizzazione.$0(OLS)http://pul/subject/1355 830 0$aMissione e Chiesa locale.$0(OLS)http://pul/title/63404 850 $aPUL 852 $aPUL$W1$xSL Religione 2$y84$mRH E1 14$j83738$nBK-PRI$b $qStampati altre collocazioni$B83738$CPULBib$Z2$F83738 $H $81 941 1 $a10 961 $aINV: 86017 996 $6020$a8830708879$9(OLS)http://pul/number/83851 996 $6245$aIl volto in ogni volto :$buomini e donne alla periferia del mondo$9(OLS)http://pul/title/86071 996 $6260$aBologna :$bEditrice Missionaria$9(OLS)http://pul/publisher/66801 LEADER 01314nam a2200265 a 4500 001 000000163667 003 CaOOAMICUS 005 20171025125136.0 008 171025s2011 it o u100 u ita r 032 $aLibriCat 040 $aPUL$bita 100 1 $aBaán, Izsák Zsolt.$0(OLS)http://pul/name/81655 245 13$aI "due occhi dell'anima" :$bl'uso, l'interpretazione e il ruolo della Sacra Scrittura nell'insegnamento di Evagrio Pontico /$cIzsák Zsolt Baán. 260 $aRoma :$bPont. Ateneo S. Anselmo,$c2011. 300 $a91 p. ;$c24 cm. 502 $aEstratto da Tesi di Dottorato in Sacra Teologia-- Pontificio Ateneo S. Anselmo, 2001. 504 $aBibliogr.: 65-87. 600 04$aEvagrius Ponticus,$dc. 346-399$xCritica e interpretazione.$0(OLS)http://pul/subject/2556 710 2 $aPontificio ateneo S. Anselmo.$bFacoltŕ di teologia.$kTesi.$0(OLS)http://pul/name/82348 850 $aPUL 852 $aPUL$W1$xDP1 Tesi Pon. At. S. Anselmo$y29$m2011 B 20$j148821$qTesi$B190908$CPULBib$Z2$F190908 $82 941 1 $a16 996 $6245$aI "due occhi dell'anima" :$bl'uso, l'interpretazione e il ruolo della Sacra Scrittura nell'insegnamento di Evagrio Pontico$9(OLS)http://pul/title/161606 996 $6260$aRoma :$bPont. Ateneo S. Anselmo$9(OLS)http://pul/publisher/51335